000 00938nam a2200277 a 4500
001 000310164
003 AM-YEHGA
005 20250617130311.0
008 040219s1996 it ab||gr|||||||||0|ita|d
020 _a8878026816
040 _aAM-YeHGA
041 0 _aita
_aeng
245 0 0 _aArmin T. Wegner e gli Armeni in Anatolie, 1915 : Immagini e testimonianze =
_bArmin T. Wegner and the Armenians in Anatolia, 1915 : Images and testimonies
246 3 1 _aArmin T. Wegner and the Armenians in Anatolia, 1915 :
_bImages and testimonies
250 _a1st ed.
260 _aMilano :
_bGuerini e Associati,
_c1996.
300 _a221 p. :
_bill., maps ;
_c22 cm.
546 _aItalian and English
600 1 4 _aWegner, Armin T.
_d1886-1978
650 1 4 _aArmenian Genocide
_y1915-1923
650 1 4 _aArmenian massacres
_y1915-1923
650 1 4 _aArmenians
_zTurkey
650 1 4 _aRefugees
_zMiddle East
942 _2udc
_cBK
090 _c115987
999 _c114647
_d114647